000
00272nam a2200097Ia 4500
082
_a
780.92|CELE
245
0
_a
The dream of an idol
100
_a
Cele lloyd Tyger Valley (South Africa), 2013
_9
55757
942
_c
BK
008
210817s9999 xx 000 0 und d
999
_c
175069
_d
175071